00466nam a2200193Ia 4500003000400000005001700004008004100021020001800062040000700080041000800087082002100095100001500116245003400131260003100165300001600196365001300212650003100225650001600256OSt20230603120130.0210423s2007 xx 000 0 und d a9788181521736 cAL aeng a361.3 223bKHAS aKHAN (M A) aSocial work and social policy aJaipurbBook Enclavec2007 aiii,242bHB b725cINR aSocial Problems & Services aSocial Work